Gilmore Girls Trivia - Statistics

General Stats
  • This quiz has been taken 309 times
  • The average score is 8 of 15
Answer Stats
Hint Answer % Correct
What name did Tristen call Rory Mary
89%
What season did Lorelai get together with Luke 4
83%
What did Rory say after Dean kissed her for the first time Thank you
79%
What color was the sweater that Emily liked on Rory Blue
70%
"Babette ate ______" (Kirk's shirts) Oatmeal
61%
Babette's first cat's name Cinnamon
49%
What is Paris's first boyfriend's name Jamie
49%
Lorelai and Rory's signature order at Luke's (besides coffee) burger
47%
The name of Lane's band Hep Alien
42%
Kirk's name in the first episode Mick
39%
Lorelai's boyfriend who disappeared randomly from the show Alex
36%
What was on Rory's cake for her 16th Birthday Her face
32%
Babette's last name Dell
30%
Lorelai's signature drink gin martini
25%
What is Lorelai's favorite thing from her mom's Christmas dinner party apple tarts
22%
No matching quizzes found
Score Distribution
Percent of People with Each Score
Percentile by Number Answered
Your Score History
You have not taken this quiz